Sports Quiz

Random Sports or World Cup Quiz

World Cup Goals Scorers Quiz Stats

Quiz not verified by Sporcle

Challenge
Share
Tweet
Embed
Score 0/137 Timer 10:00
0 Plays Today
Country Player % Correct
BrazilRonaldo
94.8%
BrazilPele
91.8%
ArgentinaLionel Messi
90.7%
ArgentinaDiego Maradona
88.7%
GermanyMiroslav Klose
88.7%
GermanyThomass Muller
88.7%
GermanyGerd Muller
88.7%
ArgentinaGabrile Batistuta
80.4%
BrazilRivaldo
79.4%
FranceZinedine Zidane
78.4%
FranceThierry Henry
76.3%
SpainDavid Villa
74.2%
SpainFernando Torres
74.2%
BrazilRomario
71.1%
EnglandGary Lineker
71.1%
FranceJust Fontaine
69.1%
ItalyPaolo Rossi
69.1%
UruguayLuis Suarez
68%
ChileLeonel Sanchez
67%
HungaryFerenc Puskas
67%
ItalyRoberto Baggio
67%
FranceMichel Platini
64.9%
BrazilBebeto
62.9%
EnglandMichael Owen
62.9%
GermanyJurgen Klinsmann
62.9%
ColombiaJames Rodriguez
61.9%
CroatiaDavor Suker
61.9%
PortugalEusebio
61.9%
BrazilZico
60.8%
CameroonRoger Milla
60.8%
NetherlandsArjen Robben
60.8%
GhanaAsamoah Gyan
59.8%
SpainRaul
59.8%
GermanyRudi Voller
58.8%
ItalyChristian Vieri
58.8%
NetherlandsDennis Bergkamp
58.8%
BrazilNeymar
56.7%
GermanyLukas Podolski
56.7%
ArgentinaMario Kempes
55.7%
ArgentinaGonzalo Higuain
55.7%
AustraliaTim Cahill
55.7%
BrazilGarrincha
55.7%
EnglandBobby Charlton
55.7%
SwedenHenrik Larsson
55.7%
BrazilVava
54.6%
United StatesLandon Donovan
53.6%
Country Player % Correct
UruguayDiego Forlan
53.6%
ChileMarcelo Salas
52.6%
GermanyLothar Matthaus
52.6%
ArgentinaHernan Crespo
51.5%
BulgariaHristo Stoichkov
50.5%
GermanyKarl-Heinz Rummenigge
50.5%
NetherlandsWesley Sneijder
50.5%
EnglandGeoff Hurst
49.5%
PolandGrzegorz Lato
49.5%
HungarySandor Kocsis
48.5%
BrazilJairzinho
47.4%
NetherlandsJohan Neeskens
46.4%
DenmarkJon Dahl Tomasson
45.4%
MexicoLuis Hernandez
45.4%
BrazilSocrates
44.3%
RussiaOleg Salenko
44.3%
United StatesClint Dempsey
43.3%
PolandZbigniew Boniek
42.3%
SpainFernando Morientes
42.3%
BelgiumMarc Wilmots
41.2%
GermanyOliver Bierhoff
41.2%
ItalySalvatore Schillaci
41.2%
PortugalPauleta
41.2%
SwedenTomas Brolin
40.2%
GermanyUwe Seeler
39.2%
NetherlandsRobin van Persie
39.2%
BrazilRoberto Rivelino
38.1%
GermanyHelmut Rahn
38.1%
SpainEmilio Butragueno
38.1%
SwedenKennet Andersson
37.1%
BrazilCareca
36.1%
NetherlandsJohnny Rep
36.1%
GermanyAndreas Brehme
35.1%
GermanyOttmar Walter
35.1%
ArgentinaClaudio Caniggia
34%
HungaryFlorian Albert
34%
SwedenMartin Dahlin
34%
ArgentinaGuillermo Stabile
32%
BrazilAdemir
32%
GermanyFranz Beckenbauer
32%
AustriaHans Krankl
30.9%
PeruTeofilo Cubillas
30.9%
BelgiumJan Ceulemans
29.9%
NetherlandsRob Rensenbrink
29.9%
BrazilLeonidas
28.9%
FranceRaymond Kopa
28.9%
Country Player % Correct
ArgentinaJorge Valdano
27.8%
HungaryNandor Hidegkuti
27.8%
SpainMichel
26.8%
UruguayJuan Alberto Schiaffino
26.8%
ItalySilvio Piola
25.8%
SlovakiaRobert Vittek
25.8%
SpainFernando Hierro
25.8%
DenmarkPreben Larsen
24.7%
RomaniaFlorin Raducioiu
24.7%
ScotlandJoe Jordan
24.7%
GermanyMax Morlock
23.7%
PolandAndrzej Szarmach
23.7%
ItalyAlesandro Altobelli
22.7%
ArgentinaLeopoldo Luque
21.6%
GermanyPaul Breitner
21.6%
UruguayOscar Miguez
21.6%
FranceDominique Rocheteau
20.6%
GermanyHelmut Haller
20.6%
UruguayAlcides Ghiggia
20.6%
AustriaErich Probst
18.6%
HungaryGyorgy Sarosi
18.6%
ArgentinaRene Houseman
17.5%
BrazilChico
17.5%
GermanyHans Schafer
17.5%
HungaryGyula Zsengeller
17.5%
HungaryFerenc Bene
17.5%
PolandKazimierz Deyna
17.5%
HungaryLajos Tichy
16.5%
ItalyAngelo Schiavio
16.5%
SpainTelmo Zarra
16.5%
UruguayPedro Cea
16.5%
ArgentinaDaniel Bertoni
15.5%
ItalyGino Colaussi
15.5%
Northern IrelandPeter McParland
14.4%
SwedenKurt Hamrin
14.4%
SwedenAgne Simonsson
14.4%
GermanyEdmund Conen
13.4%
PolandErnest Wilimowski
13.4%
SwitzerlandJosef Hugi
13.4%
United StatesBert Patenaude
13.4%
SwitzerlandAndre Abegglen
11.3%
SpainEstanislao Basora
9.3%
SwitzerlandRobert Ballaman
9.3%
UruguayCarlos Borges
8.2%
SwedenRalf Edstrom
6.2%

You're not logged in!

Compare scores with friends on all Sporcle quizzes.
Sign Up with Email
OR
Log In

You Might Also Like...

Show Comments

Extras

Top Quizzes Today


Score Distribution

Your Account Isn't Verified!

In order to create a playlist on Sporcle, you need to verify the email address you used during registration. Go to your Sporcle Settings to finish the process.

Report this User

Report this user for behavior that violates our Community Guidelines.

Details: